Ciudades del conocimiento : elementos para su diseño y planeación /

Gardado en:
Detalles Bibliográficos
Autor Principal: Narváez Tijerina, Adolfo Benito (autor)
Formato: Libro
Idioma:Lingua castelá
Publicado: Monterrey, México : México : Universidad Autónoma de Nuevo León ; Plaza y Valdés ; 2007, c2007
Temas:
Etiquetas: Engadir etiqueta
Sen Etiquetas, Sexa o primeiro en etiquetar este rexistro!

MARC

LEADER 00000nam^a2200000^a^4500
001 000277854
005 20250521000000.0
009 20260310111347.754
037 |a Acervo ITESO - Biblioteca 
041 |a ESP 
082 |a 711. 4  |b NAR 
100 |a Narváez Tijerina, Adolfo Benito  |e (autor) 
245 1 0 |a Ciudades del conocimiento :  |b elementos para su diseño y planeación /  |c A.B. Narváez Tijerina. 
264 4 |a Monterrey, México :  |b Universidad Autónoma de Nuevo León ;  |a México :  |b Plaza y Valdés ;  |c 2007, c2007 
300 |a 251 p. 
336 |a texto  |b txt  |2 rdacontenido 
337 |a sin mediación  |b n  |2 rdamedio 
338 |a volumen  |b nc  |2 rdasoporte 
649 |a XX 
650 |a Planeación Urbana -  |x Tema Principal 
650 |a Diseño Urbano -  |x Tema Principal 
650 |a Espacio Urbano 
650 |a Zonificación Urbana 
650 |a Zonificación Económica 
650 |a Ordenación Territorial 
650 |a Zonas Urbanas 
650 |a Desarrollo Urbano 
650 |a Arquitectura 
650 |a Urbanismo 
910 |a Fondo General 
920 |a Impresos - Libros 
930 |a Colección General 
905 |a 101 
901 |a 0500163448  |b IT1  |c ACC  |u 20250521 
902 |a https://opac.biblio.iteso.mx/vufind/Record/000277854